000 00326nam a2200145Ia 4500
100 _aBooch/ Rumbaugh
942 _cBK
654 _amodeling language
245 _aThe unified modeling language user guide
260 _bPearson Education
_c1997
082 _a5.11
_bBOO
300 _a482
546 _aENGLISH
999 _c26929
_d26929